Knowing God (Record no. 2892)
[ view plain ]
| 000 -LEADER | |
|---|---|
| fixed length control field | 00687cam a2200253 4500 |
| 001 - CONTROL NUMBER | |
| control field | 701055 |
| 003 - CONTROL NUMBER IDENTIFIER | |
| control field | OCoLC |
| 005 - DATE AND TIME OF LATEST TRANSACTION | |
| control field | 20181019112221.0 |
| 008 - FIXED-LENGTH DATA ELEMENTS--GENERAL INFORMATION | |
| fixed length control field | 730814s1973 ilu 001 0 eng |
| 010 ## - LIBRARY OF CONGRESS CONTROL NUMBER | |
| LC control number | 73081573 //r85 |
| 020 ## - INTERNATIONAL STANDARD BOOK NUMBER | |
| International Standard Book Number | 0877848661 |
| 020 ## - INTERNATIONAL STANDARD BOOK NUMBER | |
| International Standard Book Number | 0340197137 |
| 040 ## - CATALOGING SOURCE | |
| Original cataloging agency | DLC |
| Transcribing agency | DLC |
| Modifying agency | DAY |
| 050 0# - LIBRARY OF CONGRESS CALL NUMBER | |
| Classification number | BT102 |
| Item number | .P26 1973 |
| 082 ## - DEWEY DECIMAL CLASSIFICATION NUMBER | |
| Classification number | 231 |
| Item number | P119K |
| 100 1# - MAIN ENTRY--PERSONAL NAME | |
| Personal name | Packer, J. I. |
| Fuller form of name | (James Innell) |
| 245 10 - TITLE STATEMENT | |
| Title | Knowing God |
| Statement of responsibility, etc. | [by] J. I. Packer |
| 260 ## - PUBLICATION, DISTRIBUTION, ETC. | |
| Place of publication, distribution, etc. | Downers Grove, Ill., |
| Name of publisher, distributor, etc. | InterVarsity Press |
| Date of publication, distribution, etc. | [1979, c1973] |
| 300 ## - PHYSICAL DESCRIPTION | |
| Extent | 256 p. |
| Dimensions | 22 cm |
| 350 ## - PRICE (NR) (BK AM CF MU VM SE) [OBSOLETE] | |
| Price | $5.95 |
| 650 #0 - SUBJECT ADDED ENTRY--TOPICAL TERM | |
| Topical term or geographic name entry element | God |
| 650 #4 - SUBJECT ADDED ENTRY--TOPICAL TERM | |
| Topical term or geographic name entry element | Benedictine Sisters of Perpetual Adoration |
| General subdivision | Books and reading |
| 942 ## - ADDED ENTRY ELEMENTS (KOHA) | |
| Source of classification or shelving scheme | Dewey Decimal Classification |
| Koha item type | Books |
| Withdrawn status | Lost status | Source of classification or shelving scheme | Damaged status | Not for loan | Collection code | Home library | Current library | Shelving location | Date acquired | Cost, normal purchase price | Total Checkouts | Full call number | Barcode | Date last seen | Price effective from | Koha item type |
|---|---|---|---|---|---|---|---|---|---|---|---|---|---|---|---|---|
| Dewey Decimal Classification | Non-fiction | Harvest Mission College | Harvest Mission College | General Stacks | 19.10.2018 | 260.00 | 231 P119K | 000414 | 19.10.2018 | 19.10.2018 | Books |
